000 00490nam a2200181Ia 4500
008 240925s9999 xx 000 0 und d
020 _a8178087855
082 _a004.6 TAN
100 _aTanenbaum, Andrew .S
245 0 _aComputer Networks
250 _a4th
260 _aSingapore:
_bPearson education
_c,2004.
300 _axii,772p.
_bNA
_fOriginal
500 _aIncludes Index
600 _aComputer Science
650 _aComputer science, information & general works
942 _cBK
999 _c9296
_d9296